Statistics for 2013/14 Miami Heat Roster

Click here to take the quiz!

General Stats

  • This quiz has been taken 189 times
  • The average score is 7 of 14

Answer Stats

Player% Correct
Dwyane Wade
99%
Chris Bosh
98%
LeBron James
97%
Mario Chalmers
72%
Ray Allen
70%
Udonis Haslem
61%
Chris Andersen
51%
Shane Battier
49%
Norris Cole
46%
James Jones
32%
Rashard Lewis
30%
Joel Anthony
27%
Michael Beasley
10%
Roger Mason
6%

Score Distribution

Percentile by Number Answered

Percent of People with Each Score

Your Score History

You have not taken this quiz